[Event "Reykjavik op"]
[Site "Reykjavik"]
[Date "2024.03.18"]
[Round "5"]
[White "Zhou, David"]
[Black "Strathmann, Sascha"]
[Result "1-0"]
[WhiteElo "1954"]
[BlackElo "2129"]
[PlyCount "117"]
[EventDate "2024.03.15"]
[EventType "swiss"]
[EventRounds "9"]
[EventCountry "ISL"]
[SourceTitle "CB13_2024"]
[SourceDate "2024.03.27"]
[SourceVersion "1"]
[SourceVersionDate "2024.03.27"]
[SourceQuality "1"]

1. d4 Nf6 2. c4 g6 3. g3 Bg7 4. Bg2 0-0 5. Nc3 d6 6. Nf3 c5 7. d5 Na6 8. 0-0 Nc7 9. Qd3 a6 10. a4 Rb8 11. a5 b5 12. axb6 Rxb6 13. Nd2 e6 14. b3 exd5 15. cxd5 Nfxd5 16. Bxd5 Nxd5 17. Nxd5 Bxa1 18. Nxb6 Qxb6 19. Nc4 Qb5 20. Bh6 Bg7 21. Bxg7 Kxg7 22. Qxd6 Qxb3 23. Qxc5 Bh3 24. Ra1 Rd8 25. Qe5+ Kg8 26. Nd6 a5 27. Qe7 Rd7 28. Qe8+ Kg7 29. Qe5+ f6 30. Ne8+ Kf8 31. Qxf6+ Qf7 32. Qh4 Be6 33. Nf6 Ra7 34. Qh6+ Qg7 35. Nxh7+ Kg8 36. Qxg7+ Kxg7 37. Ng5 Bc4 38. Kf1 a4 39. Ra3 Kf6 40. f4 Bb5 41. Kf2 Ke7 42. Ne4 Bc6 43. Ke3 Ke6 44. Nc3 Kf5 45. Kd4 Kg4 46. e4 Kh3 47. Ra2 Be8 48. Ke5 Kg4 49. Ra3 Re7+ 50. Kf6 Rf7+ 51. Ke6 Ra7 52. Nd5 Kh3 53. Ra2 a3 54. Kf6 Kg4 55. Ne3+ Kh3 56. Kg5 Bf7 57. Nd5 Ra6 58. f5 gxf5 59. Nf4# 1-0

[Event "Calgary op 11th"]
[Site "Calgary"]
[Date "2018.08.16"]
[Round "4"]
[White "Zhou, David"]
[Black "Mikhalevski, Victor"]
[Result "0-1"]
[WhiteElo "2079"]
[BlackElo "2560"]
[PlyCount "62"]
[EventDate "2018.08.14"]
[EventType "swiss"]
[EventRounds "9"]
[EventCountry "CAN"]
[SourceTitle "CBM 186 Extra"]
[Source "ChessBase"]
[SourceDate "2018.08.24"]
[SourceVersion "1"]
[SourceVersionDate "2018.08.24"]
[SourceQuality "1"]

1. c4 Nf6 2. g3 e6 3. Bg2 d5 4. Nf3 dxc4 5. 0-0 b5 6. a4 b4 7. Ne5 Nd5 8. Nxc4 c5 9. b3 Be7 10. Bb2 0-0 11. d3 Bb7 12. Nbd2 Nc6 13. Nf3 Bf6 14. d4 Nc3 15. Bxc3 bxc3 16. dxc5 Nb4 17. Nd6 Bc6 18. e4 Qa5 19. e5 Qxc5 20. Nxf7 Rxf7 21. exf6 Rxf6 22. Rc1 Bxf3 23. Bxf3 Raf8 24. Be4 Rxf2 25. Rxf2 Qxf2+ 26. Kh1 Qe3 27. Qe1 Qxe1+ 28. Rxe1 Rf2 29. Re3 c2 30. Bxc2 Nxc2 31. Rxe6 Nd4 0-1

[Event "Calgary op 11th"]
[Site "Calgary"]
[Date "2018.08.15"]
[Round "3"]
[White "Hambleton, Aman"]
[Black "Zhou, David"]
[Result "1-0"]
[WhiteElo "2497"]
[BlackElo "2079"]
[PlyCount "59"]
[EventDate "2018.08.14"]
[EventType "swiss"]
[EventRounds "9"]
[EventCountry "CAN"]
[SourceTitle "CBM 186 Extra"]
[Source "ChessBase"]
[SourceDate "2018.08.24"]
[SourceVersion "1"]
[SourceVersionDate "2018.08.24"]
[SourceQuality "1"]

1. d4 Nf6 2. Bf4 d5 3. e3 e6 4. Nf3 Bd6 5. Bd3 Bxf4 6. exf4 0-0 7. Nbd2 b6 8. Qe2 c5 9. c3 a5 10. 0-0 Ba6 11. Bxa6 Nxa6 12. Rfe1 Qc7 13. g3 Ne8 14. Nf1 Nd6 15. Ne3 Rfc8 16. h4 b5 17. h5 h6 18. f5 b4 19. fxe6 fxe6 20. c4 cxd4 21. Nxd4 Nxc4 22. Nxe6 Qe5 23. Qg4 Nxe3 24. Rxe3 Qxb2 25. Rae1 Rc4 26. Qf5 Rac8 27. Nc5 Rf8 28. Qxf8+ Kxf8 29. Nd7+ Kf7 30. Re7+ 1-0

[Event "McGill op"]
[Site "Montreal"]
[Date "2015.05.03"]
[Round "4"]
[White "Zhou, David"]
[Black "Chiku Ratte, Olivier Kenta"]
[Result "1-0"]
[WhiteElo "1879"]
[BlackElo "2133"]
[PlyCount "91"]
[EventDate "2015.05.01"]
[EventType "swiss"]
[EventRounds "5"]
[EventCountry "CAN"]
[SourceTitle "EXT 2019"]
[Source "ChessBase"]
[SourceDate "2018.10.10"]
[SourceVersion "1"]
[SourceVersionDate "2018.10.10"]
[SourceQuality "1"]

1. c4 Nf6 2. g3 c5 3. Bg2 e6 4. Nf3 Be7 5. 0-0 0-0 6. Nc3 a6 7. e3 Qc7 8. b3 d6 9. Bb2 Nbd7 10. a4 b6 11. a5 bxa5 12. Ne2 Bb7 13. Bc3 Bc6 14. Bxa5 Qb7 15. Ne1 Bxg2 16. Nxg2 Ne5 17. d3 Nf3+ 18. Kh1 Ng4 19. h3 Ngh2 20. Ng1 Nxg1 21. Kxh2 Nf3+ 22. Kh1 Bf6 23. Ra3 Rfb8 24. Qc2 Qc6 25. Bc3 Bxc3 26. Qxc3 Rb4 27. Rd1 f5 28. d4 Ng5 29. d5 exd5 30. Rxd5 Ne4 31. Qc2 g6 32. Kh2 Rab8 33. Nf4 Nf6 34. Rd1 a5 35. Nd5 Nxd5 36. Rxd5 a4 37. Rxa4 Rxb3 38. Ra7 Qb6 39. Rd7 Qb4 40. Rd2 Rc3 41. Qa2 Ra3 42. Qc2 Rc3 43. Qd1 Qxc4 44. Qa1 Qe6 45. Qa7 Rcb3 46. R2xd6 1-0